| Tag |
First Indicator |
Second Indicator |
Subfields |
| LEADER |
00000cam a2200000 a 4500 |
| 001 |
in00000023611 |
| 005 |
20151007054254.0 |
| 008 |
870626s1986 lu a b i00100 eng d |
| 020 |
|
|
|a 928256360X
|
| 035 |
|
|
|a (OCoLC)16082609
|
| 035 |
|
|
|9 AAB4525AM
|
| 040 |
|
|
|a CBT
|c CBT
|d m/c
|d TXA
|d UtOrBLW
|
| 041 |
0 |
|
|a eng
|b fre
|
| 049 |
|
|
|a TXAM
|c [A11072994]
|
| 050 |
|
4 |
|a TK7881
|b .E54 1986
|
| 245 |
0 |
0 |
|a Electronics and traffic on major roads :
|b technical, regulatory and ergonomic aspects : international seminar = électronique et circulation sur les grands axes routiers : aspects techniques, réglementaires et ergonimiques : séminaire international; /
|c edited by = édité par F. Fabre, A. Klose, A. Rathery.
|
| 246 |
3 |
1 |
|a Électronique et circulation sur les grands axes routiers
|
| 246 |
3 |
1 |
|a Édité par F. Fabre, A. Klose, A. Rathery.
|
| 264 |
|
1 |
|a Luxembourg :
|b Commission of the European Communities,
|c [1986]
|
| 264 |
|
4 |
|c ©1986
|
| 300 |
|
|
|a xi, 471 pages :
|b illustrations ;
|c 23 cm.
|
| 336 |
|
|
|a text
|b txt
|2 rdacontent
|
| 337 |
|
|
|a unmediated
|b n
|2 rdamedia
|
| 338 |
|
|
|a volume
|b nc
|2 rdacarrier
|
| 490 |
1 |
|
|a Transport research
|
| 500 |
|
|
|a "Paris, 4-6.6.1985."
|
| 500 |
|
|
|a "EUR 9793 EN-FR."
|
| 504 |
|
|
|a Includes bibliographical references and index.
|
| 650 |
|
0 |
|a Electronic traffic controls
|x Congresses.
|
| 650 |
|
0 |
|a Electronics in transportation
|v Congresses.
|
| 710 |
2 |
|
|a European Cooperation in the Field of Scientific and Technical Research (Organization)
|
| 710 |
2 |
|
|a European Conference of Ministers of Transport.
|
| 710 |
2 |
|
|a Commission of the European Communities.
|
| 740 |
0 |
|
|a Électronique et circulation sur les grands axes routiers : aspects techniques, réglementaires et ergonimiques : séminaire international.
|
| 830 |
|
0 |
|a Transport research.
|
| 830 |
|
0 |
|a EUR (Series) ;
|v 9793 EN-FR.
|
| 999 |
|
|
|a MARS
|
| 999 |
f |
f |
|s 04550d24-6a71-34da-9047-d749b19de5e2
|i 6a6e00b2-95e1-38f8-a48b-ca024393e2c9
|t 0
|
| 952 |
f |
f |
|p ric
|a Texas A&M University
|b Rellis Campus
|c Joint Library Facility
|d Remote Storage
|t 0
|e TK7881 .E54 1986
|h Library of Congress classification
|i unmediated -- volume
|m A14811072994
|
| 998 |
f |
f |
|a TK7881 .E54 1986
|t 0
|l Remote Storage
|